Situación del ensayo /
Guardado en:
| Autor Principal: | |
|---|---|
| Formato: | Libro |
| Idioma: | Spanish |
| Publicado: |
México, D.f. :
Universidad Nacional Autónoma, Centro Coordinador y Difusor de Estudios Latinoamericanos,
2006
|
| Series: | Colección Literatura y ensayo en América Latina y El Caribe ; 1
|
| Materias: | |
| Etiquetas: |
Agregar Etiqueta
Sin Etiquetas, Sea el primero en etiquetar este registro!
|
| LEADER | 00954nam a22002415a 4500 | ||
|---|---|---|---|
| 001 | EHU.bham040013 | ||
| 003 | AR-BHAM | ||
| 005 | 20090511145354.0 | ||
| 005 | 20090507200832.0 | ||
| 008 | 090504s2006####mx#######b####000#0#spa#d | ||
| 010 | |a 2009430033 | ||
| 020 | |a 9703235816 | ||
| 082 | A | 8 | |a 864.507 |
| 100 | 1 | |a Weinberg, Liliana, 1956- | |
| 245 | 1 | 0 | |a Situación del ensayo / |c Liliana Weinberg |
| 260 | |a México, D.f. : |b Universidad Nacional Autónoma, Centro Coordinador y Difusor de Estudios Latinoamericanos, |c 2006 | ||
| 300 | |a 346 p. | ||
| 490 | 0 | |a Colección Literatura y ensayo en América Latina y El Caribe ; 1 | |
| 600 | 1 | 4 | |a Barthes, Roland Foucault, Michel Montaigne, Michel de Locke, John Monteagudo, Bernardo de Reyes, Alfonso Angenot, Marc Derrida, Jacques |
| 653 | |a Literatura latinoamericana | ||
| 653 | |a Ensayo-estudio y crítica | ||
| 859 | |a AR-BHAM |b BIB. HUMANIDADES - General |h A864.507 |i W43 |k A |p 462.08 |t Ej.1 | ||
